Orlando Sobalvarro Amerrisque en vuelo
Sparad:
| Materialtyp: | Okänd |
|---|---|
| Språk: | Spanish |
| Publicerad: |
Nicaragua :
Arco Producciones, S. A.,
2007.
|
| Ämnen: | |
| Taggar: |
Lägg till en tagg
Inga taggar, Lägg till första taggen!
|
MARC
| LEADER | 000000000a22000000004500 | ||
|---|---|---|---|
| 001 | 010685 | ||
| 041 | 0 | |a spa | |
| 082 | 0 | 4 | |a 759.972.85 |b S737a |
| 245 | 0 | 0 | |a Orlando Sobalvarro Amerrisque en vuelo |
| 260 | 1 | |a Nicaragua : |b Arco Producciones, S. A., |c 2007. | |
| 650 | 4 | |a PINTURA NICARAGUENSE | |
| 650 | 4 | |a PINTORES NICARAGUENSES | |
| 650 | 4 | |a CATALOGOS | |
| 650 | 4 | |a SOBALVARRO, ORLANDO, 1943- | |
| 999 | |c 16144 |d 16144 | ||
| 942 | |c BK |h 759.972.85 S737a |2 z | ||
